[Event "Canadian op"]
[Site "Edmonton"]
[Date "2005.07.16"]
[Round "9"]
[White "Hansen, Eric"]
[Black "Laming, Ryan"]
[Result "1-0"]
[WhiteElo "1910"]
[BlackElo "1756"]
[PlyCount "103"]
[EventDate "2005.07.09"]
[EventType "swiss"]
[EventRounds "10"]
[EventCountry "CAN"]
[SourceTitle "CBM 107 Extra"]
[Source "ChessBase"]
[SourceDate "2005.09.01"]
[SourceVersion "1"]
[SourceVersionDate "2005.09.01"]
[SourceQuality "1"]

1. e4 c5 2. Nf3 d6 3. d4 cxd4 4. Nxd4 Nf6 5. Nc3 a6 6. Be2 e5 7. Nb3 Be7 8. g4 0-0 9. Be3 Be6 10. g5 Nfd7 11. Qd2 b5 12. Nd5 Bxd5 13. Qxd5 Nb6 14. Qb7 N8d7 15. Na5 Qc8 16. 0-0-0 Nc4 17. Qxc8 Rfxc8 18. Nxc4 bxc4 19. h4 a5 20. f4 exf4 21. Bxf4 Ne5 22. Bxe5 dxe5 23. Rd7 Bc5 24. Rf1 Be3+ 25. Kb1 Bf4 26. Rfd1 h6 27. gxh6 Bxh6 28. Re7 f6 29. Bg4 Rd8 30. Red7 Rxd7 31. Rxd7 c3 32. bxc3 Rb8+ 33. Ka1 a4 34. Rd1 a3 35. Rd3 Kf7 36. c4 Bc1 37. Rb3 Rxb3 38. axb3 Ke7 39. c3 Kd6 40. b4 Kc6 41. Ka2 Bb2 42. Kb3 Bc1 43. h5 Bd2 44. Kxa3 Bxc3 45. Be6 Bd4 46. c5 Kc7 47. Kb3 Kc6 48. Kc4 Kc7 49. b5 Kb7 50. Bd5+ Kc7 51. b6+ Kb8 52. Kb5 1-0

[Event "Canadian op"]
[Site "Edmonton"]
[Date "2005.07.13"]
[Round "6"]
[White "Davies, Noam"]
[Black "Laming, Ryan"]
[Result "1-0"]
[WhiteElo "2008"]
[BlackElo "1756"]
[PlyCount "40"]
[EventDate "2005.07.09"]
[EventType "swiss"]
[EventRounds "10"]
[EventCountry "CAN"]
[SourceTitle "CBM 107 Extra"]
[Source "ChessBase"]
[SourceDate "2005.09.01"]
[SourceVersion "1"]
[SourceVersionDate "2005.09.01"]
[SourceQuality "1"]

1. e4 c5 2. Nf3 d6 3. d4 cxd4 4. Nxd4 Nf6 5. Nc3 a6 6. Bg5 e6 7. Qd3 Be7 8. Be2 Nbd7 9. 0-0-0 Qc7 10. f4 b5 11. Bf3 Nc5 12. Qe3 e5 13. Bxf6 Bxf6 14. Nd5 Qb7 15. Nf5 Bxf5 16. exf5 e4 17. Bxe4 Nxe4 18. Qxe4+ Kf8 19. Nxf6 Qa7 20. Nd7+ Kg8 1-0